Регионална библиотека "Любен Каравелов" - Русе

Човекът с алибито (Запис номер 79978)

MARC детайли
000 -Лидер
Контролно поле с фиксирана дължина 01085nam a2200313 c 4500
003 - Код на организацията, давaща контролен номер
Контролно поле BLK
005 - Дата и час на последна редакция
Контролно поле 20240417151126.0
008 - Елементи от данни с фиксирана дължина
fixed length control field 180408b bul|||||r ||||||| ||bul||
010 ## - Наследен системен номер
LC control number KNG00084461000
020 ## - Международен стандартен номер на книга ISBN
Международен стандартен номер на книга ISBN 978-954-585-919-9
-- издат.: Бард
040 ## - Източник на каталожния запис
Идентификатор на билиотеката - собственик на записа BLK
041 ## - Код за език
Код за езика на текст/звукозапис или на отделно заглавие Български
Код за езика КДБФ Български
080 ## - УДК
Текстов определител УДК Американска литература (на САЩ)
УДК код - определител по УДК 821.111(73)
УДК определител -312.4
УДК - код + определител 821.111(73)-312.4
100 ## - Редна дума - Автор
Автор Хоуг, Тами
R(LIN) 249554
139 ## - Редно поле
Редна дума Хоуг, Тами
Авторски знак Хот - Х 70
245 10 - Сведения за заглавието
Заглавие Човекът с алибито
Подзаглавни данни Роман
Редно поле (дума) Тами Хоуг; прев. от англ. Таня Виронова.
257 ## - Страна на издаване
Страна на създаване/издаване Съединени американски щати
260 ## - Област на издателските данни
-- София
Име на издателя, разпространителя и проч. Бард
Година на издаване 2008
300 ## - Физическа характеристика
Страници 399 с.
Размери/Мащаб 20 см
380 ## - Жанр
Жанр Худож. лит.
500 ## - Общи забележки
Забележка Ориг. загл. The Alibi Man / Tami Hoag
700 1# - Други автори (авторска отговорност)
Лично име Виронова, Татяна Атанасова
9 (RLIN) 365852
852 ## - Местоположение
Форматна сигнатура Цб 240534
856 4# - Електронен адрес и достъп
Електронен формат pdf - файл
Път до файла /url/
856 4# - Електронен адрес и достъп
Електронен формат pdf - файл
Път до файла /url/
942 ## - АРТИКУЛИ
Вид на библиотечния материал Книги
Скрит в OPAC Не
Koha issues (borrowed), all copies 16
944 ## - СЪЗДАВАНЕ И РЕДАКЦИЯ на ЗАПИСА
Създаване/Редакция Създаване
Дата на регистрацията/редакция 14.07.2008
Статус, дата на статуса Геновева Генчева
Служител, извършил регистрацията/редакцията 30560
944 ## - СЪЗДАВАНЕ И РЕДАКЦИЯ на ЗАПИСА
Създаване/Редакция Редакция
Дата на регистрацията/редакция 02.07.2014
Статус, дата на статуса ф /
Служител, извършил регистрацията/редакцията
999 ## - СИСТЕМНИ КОНТРОЛНИ НОМЕРА
Koha biblionumber 79978
Koha biblioitemnumber 79978
Наличности
Код за отписване Код за изгубен артикул Източник на класификационната схема Код за повреда Коз за рестрикции Код за отдаване Артикулен № Име на библиотеката - собственик Име на библиотеката, в която се намира в момента Статус (Текущо местоположение) Дата на вписване в системата Местоположение - отдел Цена в лева Инвентарен номер Систематично азбучна сигнатура Баркод Номер на екземпляра Цена в евро Служебна бележка Служебен тип на артикула
Изтеглен Не е изгубен Universal Decimal Classification Не е повреден без рестрикции заемане за дома 129490 Регионална библиотека "Любен Каравелов" Русе Регионална библиотека "Любен Каравелов" Русе Заемна - подръчен фонд 2008-07-14 Заемна - подръчен фонд 10.99 120000727411 П 820(73)-31/Х 70 120000727411 1 5.62 Дост: Pk Вид: Ф N: 193 Дата: 11.07.2008 Дата инв: 15.02.2018 Бележки инв: П2018 Книги
Изтеглен Не е изгубен Universal Decimal Classification Не е повреден без рестрикции заемане за дома 129491 Регионална библиотека "Любен Каравелов" Русе Регионална библиотека "Любен Каравелов" Русе Заемна - подръчен фонд 2008-07-14 Заемна - подръчен фонд 10.99 120000727412 П 820(73)-31/Х 70 120000727412 2 5.62 Дост: Pk Вид: Ф N: 193 Дата: 11.07.2008 Книги
  Не е изгубен Universal Decimal Classification Не е повреден без рестрикции заемане за дома 129492 Регионална библиотека "Любен Каравелов" Русе Регионална библиотека "Любен Каравелов" Русе Заемна - подръчен фонд 2008-07-14 Заемна - подръчен фонд 10.99 120000727413 П 821-31/Х 70 120000727413 3 5.62 Дост: Pk Вид: Ф N: 193 Дата: 11.07.2008 Дата инв: 16.02.2018 Бележки инв: П2018 Книги
Изтеглен Не е изгубен   Не е повреден без рестрикции заемане за дома 129493 Регионална библиотека "Любен Каравелов" Русе Регионална библиотека "Любен Каравелов" Русе Заемна - подръчен фонд 2008-08-18 Заемна - подръчен фонд 10.99 120000728042 П 820(73)-31/Х 70 120000728042 4 5.62 Дост: Pk Вид: Ф N: 197 Дата: 07.08.2008 Книги
  Не е изгубен   Не е повреден без рестрикции ползва се в читалня 129494 Регионална библиотека "Любен Каравелов" Русе Регионална библиотека "Любен Каравелов" Русе Хранилище 2009-09-17 Хранилище 10.99 120000738143 Цб 240534 120000738143 5 5.62 Дост: Dp Вид: Д N: 14 Дата: 25.03.2009 Книги
Vip Innovations Ltd, Rousse, Bulgaria 2025